<?xml version="1.0" encoding="UTF-8"?>
<record
    xmlns:xsi="http://www.w3.org/2001/XMLSchema-instance"
    xsi:schemaLocation="http://www.loc.gov/MARC21/slim http://www.loc.gov/standards/marcxml/schema/MARC21slim.xsd"
    xmlns="http://www.loc.gov/MARC21/slim">

  <leader>01718nam a22002297a 4500</leader>
  <controlfield tag="003">BJBSDDR</controlfield>
  <controlfield tag="005">20260514101751.0</controlfield>
  <controlfield tag="007">ta</controlfield>
  <controlfield tag="008">260514s2011    nyu||||| |||| 00| 0 eng d</controlfield>
  <datafield tag="020" ind1=" " ind2=" ">
    <subfield code="a">9781402767487</subfield>
  </datafield>
  <datafield tag="020" ind1=" " ind2=" ">
    <subfield code="a">140276748X</subfield>
  </datafield>
  <datafield tag="040" ind1=" " ind2=" ">
    <subfield code="b">spa</subfield>
    <subfield code="c">BJBSDDR</subfield>
  </datafield>
  <datafield tag="041" ind1=" " ind2=" ">
    <subfield code="a">eng </subfield>
  </datafield>
  <datafield tag="050" ind1=" " ind2=" ">
    <subfield code="b">P626 2011</subfield>
  </datafield>
  <datafield tag="100" ind1="1" ind2=" ">
    <subfield code="a">Pietrusza, David, </subfield>
    <subfield code="d">1949-</subfield>
    <subfield code="9">11665</subfield>
  </datafield>
  <datafield tag="245" ind1="1" ind2="0">
    <subfield code="a">1948 : </subfield>
    <subfield code="b">Harry Truman's improbable victory and the year that transformed America's role in the world / </subfield>
    <subfield code="c">David Pietrusza</subfield>
  </datafield>
  <datafield tag="260" ind1=" " ind2=" ">
    <subfield code="a">New York : </subfield>
    <subfield code="b">Union Square Press, </subfield>
    <subfield code="c">2011</subfield>
  </datafield>
  <datafield tag="300" ind1=" " ind2=" ">
    <subfield code="a">xxiii, 520 pages</subfield>
    <subfield code="b">illustrations ;</subfield>
    <subfield code="c">24 cm</subfield>
  </datafield>
  <datafield tag="520" ind1=" " ind2=" ">
    <subfield code="a">The 1948 election was a war for the soul of the Democratic Party, with accidental president Harry Truman pitted against Henry Wallace, his embittered left-wing predecessor as vice president, and young South Carolina segregationist Dixiecrat Strom Thurmond. On the GOP side, it's a four-way battle between cold-as-ice New Yorker Tom Dewey, Minnesota upstart Harold Stassen, stodgy but brilliant Ohio conservative Robert Taft, and imperious but aged Douglas MacArthur. Author David Pietrusza goes beyond the headlines to place in context a down-to-the-wire fight against the background of an erupting Cold War, the birth of Israel, storms over civil rights, and domestic communism. Featuring a stellar supporting cast: Alger Hiss, Whitaker Chambers, Richard Nixon, Hubert Humphrey, Earl Warren, Paul Robeson, Lillian Hellman, Pete Seeger, Eleanor Roosevelt, Joe McCarthy, Clark Clifford, William O. Douglas, George C. Marshall, John Foster Dulles, Adlai Stevenson, Lyndon Johnson, H.L. Mencken, Harold Ickes, Clare and Henry Luce, and Ronald Reagan.</subfield>
  </datafield>
  <datafield tag="942" ind1=" " ind2=" ">
    <subfield code="2">lcc</subfield>
    <subfield code="n">0</subfield>
    <subfield code="c">BK</subfield>
  </datafield>
  <datafield tag="946" ind1=" " ind2=" ">
    <subfield code="i">cmc </subfield>
  </datafield>
  <datafield tag="999" ind1=" " ind2=" ">
    <subfield code="c">127087</subfield>
    <subfield code="d">127087</subfield>
  </datafield>
  <datafield tag="952" ind1=" " ind2=" ">
    <subfield code="0">0</subfield>
    <subfield code="1">0</subfield>
    <subfield code="2">lcc</subfield>
    <subfield code="4">0</subfield>
    <subfield code="7">0</subfield>
    <subfield code="8">APT</subfield>
    <subfield code="a">BJB</subfield>
    <subfield code="b">BJB</subfield>
    <subfield code="c">APT</subfield>
    <subfield code="d">2026-05-14</subfield>
    <subfield code="l">0</subfield>
    <subfield code="o">P626 2011</subfield>
    <subfield code="p">00000199795</subfield>
    <subfield code="r">2026-05-14 10:18:58</subfield>
    <subfield code="t">1</subfield>
    <subfield code="w">2026-05-14</subfield>
    <subfield code="y">BK</subfield>
  </datafield>
</record>
